| 000 | 00674nam a2200205 i 4500 | ||
|---|---|---|---|
| 001 | 34534 | ||
| 003 | ES-MaACL | ||
| 005 | 20251224063015.0 | ||
| 007 | t| | ||
| 008 | 030207s1969 sp |||| | spa d | ||
| 100 | 1 |
_aBonhoeffer, Dietrich, _d1906-1945 _930163 |
|
| 245 | 1 | 0 |
_aSociología de la Iglesia _b: Sanctorum Communio / _cDietrich Bonhoeffer ; [tradujeron A. Sènz y N. Fernández Marcos]. |
| 260 |
_aSalamanca : _bSígueme, _c1969. |
||
| 300 |
_a259 p. ; _c22 cm. |
||
| 650 | 4 |
_aComunión de los santos. _9165054 |
|
| 700 | 1 |
_aSáenz, Aaron. _9199741 |
|
| 700 | 1 |
_aFernández Marcos, N. _949890 |
|
| 852 |
_aES-MaACL _jC-38677 |
||
| 999 |
_c34534 _d34534 |
||